|
|
|
|
| LEADER |
01129nam a22003017a 4500 |
| 001 |
36017 |
| 003 |
BD-DhAAL |
| 005 |
20211206113545.0 |
| 008 |
200119r20062003si a|||| |||| 00| 0 eng d |
| 999 |
|
|
|c 42166
|d 42166
|
| 020 |
|
|
|a 9810182538
|
| 020 |
|
|
|a 9789810182533
|
| 040 |
|
|
|a BD-DhAAL
|
| 082 |
|
|
|a 510
|2 23
|
| 245 |
|
|
|a Shaping maths.
|n 3B, part 2,
|b Activity book /
|c Charlotte Collars ... [et al.].
|
| 260 |
|
|
|a Singapore :
|b Federal Publications,
|c 2003 [reprinted 2006]
|
| 300 |
|
|
|a 76 pages :
|b illustrations ;
|c 26 cm
|
| 526 |
|
|
|a BIED
|
| 541 |
|
|
|a Complimentary copy from BIED
|e 36017
|
| 650 |
|
|
|a Mathematics.
|9 35780
|
| 650 |
|
|
|a Mathematics
|x Problems, exercises, etc.
|9 38806
|
| 700 |
|
|
|a Collars, Charlotte
|9 38807
|
| 700 |
|
|
|a Lee, Koay Phong
|9 38808
|
| 700 |
|
|
|a Hoe, Lee Ngan
|9 38809
|
| 700 |
|
|
|a Seng, Tan Cheow
|9 38810
|
| 852 |
|
|
|a Ayesha Abed Library
|b BIED Collection
|
| 942 |
|
|
|2 ddc
|c BK
|
| 952 |
|
|
|0 0
|1 0
|2 ddc
|4 0
|6 510_000000000000000_SHA
|7 0
|9 67732
|a BRACUL
|b BRACUL
|c GEN
|d 2020-01-19
|e Complimentary copy from BIED
|l 0
|o 510 SHA
|p 3010036017
|r 2020-01-19
|t 1
|w 2020-01-19
|y BK
|x Transferred from BIED to General Stacks
|